Guess the random Taylor Swift Song Lyrics 10 - Statistics

General Stats
  • This quiz has been taken 23 times
  • The average score is 291 of 394
Answer Stats
Answer % Correct
a
100%
I
100%
(I
100%
if
100%
I'm
100%
It
100%
And
95%
and
95%
is
95%
me
95%
me)
95%
the
95%
To
95%
to
95%
too
95%
Too
95%
you
95%
You
95%
you)
95%
(you)
95%
(you
95%
I'll
90%
in
90%
It's
90%
when
90%
at
85%
be
85%
of
85%
one
85%
we
85%
We
85%
We're
85%
we're
85%
don't
80%
like
80%
like)
80%
This
80%
But
75%
make
75%
oh
75%
our
75%
time
75%
up
75%
want
75%
will
75%
22
70%
22)
70%
(22)
70%
Everything
70%
feels
70%
just
70%
know
70%
night
70%
about
65%
bet
65%
dress
65%
exes
65%
free
65%
fun
65%
hipsters
65%
keep
65%
next
65%
perfect
65%
same
65%
those
65%
Yeah
65%
yeah
65%
(yeah
65%
yeah)
65%
alright
60%
(alright)
60%
bad
60%
best
60%
confused
60%
cool
60%
crowded
60%
dancing
60%
(dancing
60%
dreamin'
60%
end
60%
feeling
60%
forget
60%
happy
60%
have
60%
kids
60%
lonely
60%
magical
60%
many
60%
miserable
60%
sleepin'
60%
Tonight's
60%
ditch
55%
Instead
55%
nights
55%
place
55%
scene
55%
seems
55%
way
55%
whole
55%
won't
55%
anyway
50%
deadlines
50%
Ew)
50%
gotta
50%
look
50%
sleeping
50%
Swift
50%
Taylor
50%
(who's
50%
heartbreaks
45%
news
45%
uh
45%
(ooh)
40%
ooh
40%
(Hey)
35%
eh
25%
woah
20%
like we're
10%
No matching quizzes found
Score Distribution
Percent of People with Each Score
Percentile by Number Answered
Your Score History
You have not taken this quiz